Niektoré aspekty účinkov vyhlásenia konkurzu
Stručné zhrnutie aktuálnych účinkov vyhlásenia konkurzu v zmysle platných právnych predpisov. Poukázanie aj na také účinky, ktoré nie sú taxatívne vymedzené v ZKR a teória aj prax ich zanedbáva. Niektoré úskalia, ktoré právna úprava na Slovensku obsahuje, potreba odstránenia nejasností.
Enregistré dans:
| Auteur principal: | |
|---|---|
| Format: | Chapitre de livre |
| Langue: | slovaque |
| Sujets: | |
| Tags: |
Pas de tags, Soyez le premier à ajouter un tag!
|
MARC
| LEADER | 00000naa$a2200000$$$4500 | ||
|---|---|---|---|
| 001 | 0102207 | ||
| 005 | 20240502072119.2 | ||
| 041 | 0 | |a slo | |
| 044 | |a SK | ||
| 245 | 1 | 0 | |a Niektoré aspekty účinkov vyhlásenia konkurzu |c Matej Hodál |
| 520 | |a Stručné zhrnutie aktuálnych účinkov vyhlásenia konkurzu v zmysle platných právnych predpisov. Poukázanie aj na také účinky, ktoré nie sú taxatívne vymedzené v ZKR a teória aj prax ich zanedbáva. Niektoré úskalia, ktoré právna úprava na Slovensku obsahuje, potreba odstránenia nejasností. | ||
| 610 | 2 | 0 | |a konanie konkurzné |
| 610 | 2 | 0 | |a úpravy právne |
| 610 | 2 | 0 | |a Slovensko |
| 100 | 1 | |a Hodál, Matej | |